| 000 | 00622nam a2200241 a 4500 | ||
|---|---|---|---|
| 001 | nice12345678 | ||
| 003 | IN_TiNIC | ||
| 005 | 20260116014423.0 | ||
| 008 | 050524s1998 cama grp 000 0 eng | ||
| 020 |
_a0946621 _c1532 |
||
| 082 | 0 | 0 |
_a610.695 _bJAW |
| 100 | _aJawziyya Al, Ibn Qayyim | ||
| 245 | _aMedicine of the Prophet | ||
| 260 |
_aCambridge _bIslamic Texts Society _c1998 |
||
| 300 | _a318p | ||
| 500 | _aincludes index and biblioraphy | ||
| 505 | 2 | _aIndex | |
| 650 | _aScience-Methodology | ||
| 650 | _aMuhammad, Prophet-Medicines Used | ||
| 902 | _bSRS | ||
| 942 | _cBK | ||
| 999 |
_c15214 _d15214 |
||